UBT Library

Supervision : (Record no. 44467)

000 -LEADER
fixed length control field 00736pam a2200229 a 4500
001 - CONTROL NUMBER
control field 1998567
005 - DATE AND TIME OF LATEST TRANSACTION
control field 20180308071535.0
008 - FIXED-LENGTH DATA ELEMENTS--GENERAL INFORMATION
fixed length control field 900517s1991 ohua b 001 0 eng
010 ## - LIBRARY OF CONGRESS CONTROL NUMBER
LC control number 90039499
020 ## - INTERNATIONAL STANDARD BOOK NUMBER
International Standard Book Number 0538810823
040 ## - CATALOGING SOURCE
Original cataloging agency DLC
Transcribing agency DLC
Modifying agency DLC
041 ## - LANGUAGE CODE
Language code of text/sound track or separate title eng
080 ## - UNIVERSAL DECIMAL CLASSIFICATION NUMBER
Universal Decimal Classification number 658.302 HIL
082 00 - DEWEY DECIMAL CLASSIFICATION NUMBER
Classification number 658.302 HIL
Edition number 20
100 1# - Rafti
Rafti 54
101 ## - Shkurtesa
Shkurtesa MEN
245 10 - TITLE STATEMENT
Title Supervision :
Statement of responsibility, etc Raymond L. Hilgert, Theo Haimann.
504 ## - BIBLIOGRAPHY, ETC. NOTE
Bibliography, etc Includes bibliographical references and index.
906 ## - LOCAL DATA ELEMENT F, LDF (RLIN)
a 7
b cbc
c orignew
d 1
e ocip
f 19
g y-gencatlg
942 ## - ADDED ENTRY ELEMENTS (KOHA)
Source of classification or shelving scheme
Item type Books
Holdings
Withdrawn status Lost status Source of classification or shelving scheme Damaged status Not for loan Collection code Permanent location Current location Shelving location Date acquired Total Checkouts Full call number Barcode Date last seen Price effective from Koha item type
          Koleksioni i përgjithshem UBT - Lipjan UBT - Lipjan Koleksioni i përgjithshem 03/08/2018   658.302 HIL 002-3000853 03/08/2018 03/08/2018 Books
UBT Library © 2015-2024. All rights reserved University Education for Business and Technology